00421nam a2200145Ia 4500008004100000040001900041041001200060082003300072245006400105300001700169650002500186651001900211700001900230850002600249131103s9999 xx 000 0 und d aLoreto College aEnglish a821.1/CHAb- SKE LCLIB/1copy 4aThe poetical Works of Chaucer GeoffreycEdited by W W Skeat aV.1 c 14cm. aChaucer - collection aEnglish poetry aSkeat, W W ed. aLCLIB/821.1/CHA - SKE